Frank Sinatra, inanılmaz performans - muhteşem müzik keyfi / (Record no. 200043728)
[ view plain ]
| 000 -LEADER | |
|---|---|
| fixed length control field | 00948 a2200217 4500 |
| 001 - CONTROL NUMBER | |
| control field | 200043728 |
| 003 - CONTROL NUMBER IDENTIFIER | |
| control field | TR-AnTOB |
| 005 - DATE AND TIME OF LATEST TRANSACTION | |
| control field | 20230911140229.0 |
| 008 - FIXED-LENGTH DATA ELEMENTS--GENERAL INFORMATION | |
| fixed length control field | 120209b tu ana |
| 050 14 - LIBRARY OF CONGRESS CALL NUMBER | |
| Classification number | ML1630.18 |
| Item number | .F736 |
| 090 ## - LOCALLY ASSIGNED LC-TYPE CALL NUMBER (OCLC); LOCAL CALL NUMBER (RLIN) | |
| Classification number (OCLC) (R) ; Classification number, CALL (RLIN) (NR) | AV ML1630.18 .F736 |
| 041 ## - LANGUAGE CODE | |
| Language code of text/sound track or separate title | Türkçe |
| 100 1# - MAIN ENTRY--PERSONAL NAME | |
| Personal name | Sinatra, Frank, |
| Dates associated with a name | 1915-1998 |
| 9 (RLIN) | 79233 |
| 245 10 - TITLE STATEMENT | |
| Title | Frank Sinatra, inanılmaz performans - muhteşem müzik keyfi / |
| Statement of responsibility, etc. | Frank Sinatra. |
| Medium | [sound recording]. |
| 300 ## - PHYSICAL DESCRIPTION | |
| Other physical details | 1 sound discs ; |
| Dimensions | 4 3/4 in. |
| 505 0# - FORMATTED CONTENTS NOTE | |
| Title | Stardust -- |
| -- | Old man river -- |
| -- | When your'e smiling -- |
| -- | I'll never smile again -- |
| -- | Last night when we were young -- |
| -- | Witch craft -- |
| -- | High hopes -- |
| -- | Gone with the wind -- |
| -- | Too marvellous for words -- |
| -- | Talk to me -- |
| -- | Hello young lovers -- |
| -- | Luck be a lady tonight -- |
| -- | Angels eyes -- |
| -- | That old black magic -- |
| -- | Love make me feel so young |
| -- | For somebody else |
| 650 #0 - SUBJECT ADDED ENTRY--TOPICAL TERM | |
| Topical term or geographic name entry element | Popular music |
| Geographic subdivision | United States |
| 9 (RLIN) | 79234 |
| 910 ## - USER-OPTION DATA (OCLC) | |
| User-option data | DVD0268 |
| 942 ## - ADDED ENTRY ELEMENTS (KOHA) | |
| Koha item type | VCD |
| Withdrawn status | Lost status | Source of classification or shelving scheme | Not for loan | Home library | Current library | Shelving location | Date acquired | Source of acquisition | Cost, normal purchase price | Serial Enumeration / chronology | Total Checkouts | Total Holds | Full call number | Barcode | Copy number | Cost, replacement price | Date shelved | Koha item type |
|---|---|---|---|---|---|---|---|---|---|---|---|---|---|---|---|---|---|---|
| Ödünç Verilebilir / Available | Merkez Kütüphane | Merkez Kütüphane | DVD/VCD Koleksiyonu / Audio Visual | 04/12/2011 | Bağış / Donation | 0.00 | 1 | AV ML1630.18 .F736 | DVD0268 | 1 | 0.01 | Music digital recording |
